000 00467nam a2200169Ia 4500
003 GCL
008 140319s9999 xx 000 0 eng d
040 _aGCL /
_cGCL
082 0 4 _a782.26
_bM J
100 1 _aMELAMED, DANIEL R.
245 1 0 _aJ.S. BACH AND THE GERMAN MOTET /
_cMELAMED, DANIEL R.
260 _a[S.N] :
_bCAMLRIDGE UNIVERSITY PRESS ،
_c1995
300 _a229 P
650 0 4 _aBACH, JOHANN (1685 - 1750)
650 0 4 _aMOTET GERMANY
942 _2ddc
_cBK
999 _c12048
_d12048